The Space Shuttle program - Statistics

General Stats
  • This quiz has been taken 56 times
  • The average score is 5 of 6
Answer Stats
Answer % Correct
Columbia
96%
Challenger
94%
Atlantis
88%
Discovery
88%
Endeavour
80%
Enterprise
78%
No matching quizzes found
Score Distribution
Percent of People with Each Score
Percentile by Number Answered
Your Score History
You have not taken this quiz